000 00738nam a2200241 4500
003 OSt
005 20260530115257.0
008 260421b1978 sp a|||| |||| 00| 0 spa d
020 _a8425208939
040 _aICI
_bspa
_cICI
050 _aN7430
_bD36
100 1 _aDaucher, Hans,
_930723
245 1 0 _aVision artistica y vision racionalizada /
_cHans daucher ; version castellana de Michael faber-kaiser
264 1 _bGustavo Gili,
_c1978
_aBarcelona ; México :
300 _a186 páginas
_c20.9 cm.
336 _atexto
_2rdacontent
337 _asin medio
_2rdamedia
338 _avolumen
_2rdacarrier
490 0 _aColección comunicación visual
650 0 _aArte
_xTécnica
_9526
650 0 _aForma (Estética)
942 _2lcc
_cBK
999 _c12684
_d12684